Nájomné bytové domy, Jesenského ul., Košice

Salvato in:
Dettagli Bibliografici
Autore principale: Sventeková, Karin (Autore)
Altri autori: Závodný, Ľubomír (Relatore della tesi)
Natura: Manoscritto Libro
Lingua:slovacco
Pubblicazione: Bratislava 2021
Soggetti:
Accesso online:http://is.stuba.sk/zp/portal_zp.pl?podrobnosti=159976
Tags: Aggiungi Tag
Nessun Tag, puoi essere il primo ad aggiungerne!!

MARC

LEADER 00000ntm a22000003a 4500
001 stuzp84058
003 SK-STU
005 20220221091551.6
007 ta
008 150427s2015----xo-----f-mn---000-0-slo-d
040 |a STU  |b slo 
041 0 |a slo 
100 1 |a Sventeková, Karin  |u 051110  |4 aut  |U FAD Fakulta architektúry a dizajnu  |T FAD Ústav architektúry obytných budov  |X 77234  |U A1110  |Y 392  |7 77234 
242 0 1 |a Rental apartment buildings, Jesenského ul., Košice  |y eng 
245 1 0 |a Nájomné bytové domy, Jesenského ul., Košice 
260 |c 2021  |a Bratislava 
650 4 |a komunitné bývanie  |2 slo 
650 4 |a pavlač  |2 slo 
650 4 |a bytový dom  |2 slo 
650 4 |a social housing  |2 eng 
650 4 |a community housing  |2 eng 
650 4 |a Košice  |2 eng 
700 1 |a Závodný, Ľubomír  |u 051110  |k Z1  |4 ths  |U FAD Fakulta architektúry a dizajnu  |T FAD Ústav architektúry obytných budov  |X 45410  |U A1110  |Y 392  |7 45410 
856 4 |u http://is.stuba.sk/zp/portal_zp.pl?podrobnosti=159976  |u https://opac.crzp.sk/?fn=detailBiblioForm&sid=0C216CD716E182230E2B0CAAC853